000 00312nam a2200109Ia 4500
008 200302s9999 xx 000 0 und d
100 _aMareike Krautheim Ralf Pasel and Others
245 _aCity and Wind Climate as an Architectural Instrument
260 _bDom Publishing Co.,
260 _c2014
300 _a207 P.,
999 _c3825
_d3825